| 000 | 00557nam a22001817a 4500 | ||
|---|---|---|---|
| 003 | 0 | ||
| 005 | 20240117101709.0 | ||
| 008 | 240117b xxu||||| |||| 00| 0 eng d | ||
| 020 | _a978-1-119-65074-4 | ||
| 050 |
_aTK 5105.5 _b.P36 2020 |
||
| 100 | _aPanek, Crystal | ||
| 245 |
_aNetworking fundamentals _cCrystal Panek |
||
| 260 |
_aHoboken, New Jersey _bJohn Wiley & Sons, Inc. _cc2020. |
||
| 300 |
_axvi, 318 pages ; _c24cm. |
||
| 504 | _aIncludes bibliographical references, index, and glossary. | ||
| 650 | _aComputer networks. | ||
| 942 |
_2lcc _cBK |
||
| 999 |
_c365865 _d365865 |
||